[Event "A-Klasse 2016 (A68)"]
[Site "Berlin-Weißensee"]
[Date "2016.05.04"]
[Round "1.1"]
[White "Poseck, Steffen"]
[Black "Witte, Ronald"]
[Result "1-0"]
[WhiteElo "1987"]
[BlackElo "1956"]
[PlyCount "85"]
[EventDate "2016.05.04"]
[SourceDate "2016.05.04"]
[WhiteTeam "BSV 63 Chemie Weißensee"]
[BlackTeam "BSV 63 Chemie Weißensee"]

1. e4 c5 2. Nf3 e6 3. Nc3 Nc6 4. d4 cxd4 5. Nxd4 Qc7 6. Be2 a6 7. O-O Nf6 8.
Be3 Be7 9. f4 d6 10. Bf3 O-O 11. Nb3 Nd7 12. Qe1 Re8 13. Qf2 b5 14. Rac1 Bb7
15. a4 b4 16. Ne2 Rac8 17. c3 Qb8 18. c4 Qa8 19. Ng3 Nf6 20. e5 Nd7 21. exd6
Bf8 22. c5 g6 23. Qd2 a5 24. Ne2 Bg7 25. Ned4 Nxd4 26. Bxd4 Bxf3 27. Rxf3 Bxd4+
28. Qxd4 Rc6 29. h4 h5 30. Rg3 Rec8 31. Rg5 Qa7 32. g4 hxg4 33. h5 e5 34. fxe5
Nxc5 35. Nxc5 Rxc5 36. Rxc5 Rxc5 37. Rxg4 Rc1+ 38. Kh2 Rc2+ 39. Kh3 Qa6 40. Qf4
Rxb2 41. hxg6 Rb3+ 42. Kh4 f6 43. Qxf6 1-0

[Event "A-Klasse 2016 (A68)"]
[Site "Berlin-Weißensee"]
[Date "2016.05.04"]
[Round "1.2"]
[White "Kirchhof, Arno"]
[Black "Sappok, Marius"]
[Result "1-0"]
[WhiteElo "1961"]
[BlackElo "1981"]
[PlyCount "97"]
[EventDate "2016.05.04"]
[SourceDate "2016.05.04"]
[WhiteTeam "SC Zugzwang 95"]
[BlackTeam "SC Zugzwang 95"]

1. d4 Nf6 2. c4 e6 3. Nf3 d5 4. cxd5 exd5 5. Nc3 c6 6. Bg5 Be7 7. e3 Bf5 8. Bd3
Bxd3 9. Qxd3 Nbd7 10. O-O O-O 11. Rab1 a5 12. Rfc1 Ne4 13. Bf4 Ndf6 14. h3 Nd6
15. Ne5 Nh5 16. Bh2 f5 17. Qe2 Nf6 18. Nd3 Nf7 19. Na4 Bd6 20. Bxd6 Qxd6 21.
Qf3 g6 22. Qf4 Ne4 23. Rc2 Rfe8 24. Qxd6 Nexd6 {(=)} 25. Nb6 Ra6 26. Nd7 Re7
27. N7c5 Ra7 28. g3 Kg7 29. Kg2 Nc4 30. Rbc1 Kf6 31. b3 Ncd6 32. h4 Nb5 33. Nf4
Nbd6 34. Kf3 Ne4 35. Nxb7 Rexb7 36. Rxc6+ Kg7 37. Nxd5 Nd8 38. Rc8 Nf7 39. g4
Nfd6 40. R8c2 fxg4+ 41. Kxg4 Rf7 42. Nf4 Rae7 43. Kh3 Nf5 44. Nd3 Nfd6 {(=)}
45. Nf4 Nf5 46. Rg1 Nxd4 47. Rb2 Nf3 48. Rc1 Rc7 49. Ne6+ 1-0

[Event "A-Klasse 2016 (A68)"]
[Site "Berlin-Weißensee"]
[Date "2016.05.04"]
[Round "1.3"]
[White "Arndt, Uwe"]
[Black "Gebert Vangeel, Ralf"]
[Result "1-0"]
[WhiteElo "1959"]
[BlackElo "1935"]
[PlyCount "79"]
[EventDate "2016.05.04"]
[SourceDate "2016.05.04"]
[WhiteTeam "BSV 63 Chemie Weißensee"]
[BlackTeam "Mariendorfer SV 06"]

1. d4 d5 2. c4 c6 3. cxd5 cxd5 4. Nc3 e6 5. Bf4 Nf6 6. e3 a6 7. Nf3 Nc6 8. Rc1
Be7 9. Bd3 Qb6 10. O-O O-O 11. Na4 Qd8 12. h3 Nd7 13. a3 f6 14. Qc2 f5 15. b4
Nf6 16. Ne5 Bd7 17. Nc5 Bxc5 18. Qxc5 Nxe5 19. Bxe5 Rc8 20. Bc7 Qe8 21. Qb6 Bc6
22. Bxa6 Nd7 23. Qa5 Ra8 24. b5 Bxb5 25. Qxb5 bxa6 26. Qa5 Nf6 27. Rb1 Rf7 28.
Be5 Nd7 29. Bd6 Nf8 30. Rb6 Qc8 31. Rfb1 Nd7 32. Rb7 Nf8 33. Rb8 Rxb8 34. Rxb8
Qc4 35. Qd8 Qc1+ 36. Kh2 h6 37. Bxf8 Kh7 38. Bd6 Qc2 39. Qg8+ Kg6 40. Qe8 1-0

[Event "A-Klasse 2016 (A68)"]
[Site "Berlin-Weißensee"]
[Date "2016.05.04"]
[Round "1.4"]
[White "Jaeger, Andre"]
[Black "Hoppensack, Manfred"]
[Result "1/2-1/2"]
[WhiteElo "1869"]
[BlackElo "1778"]
[PlyCount "55"]
[EventDate "2016.05.04"]
[SourceDate "2016.05.04"]
[WhiteTeam "SC Rochade"]
[BlackTeam "SC Friesen Lichtenberg"]

1. d4 e6 2. c4 Nf6 3. Nc3 Bb4 4. f3 d5 5. a3 Bxc3+ 6. bxc3 c5 7. cxd5 Nxd5 8.
dxc5 f5 9. c4 Qh4+ 10. g3 Qxc4 11. e4 Qc3+ 12. Bd2 Qe5 13. Bg2 Nf6 14. f4 Qc7
15. exf5 O-O 16. Qb3 Kh8 17. fxe6 Na6 18. Rc1 Rb8 19. Ne2 Nxc5 20. Qc4 b6 21.
f5 Ba6 22. Qxa6 Nxa6 23. Rxc7 Nxc7 24. Bf4 Nfe8 25. Bc6 Rc8 26. Bd7 Ra8 27. Bc6
Rc8 28. Bd7 1/2-1/2

[Event "A-Klasse 2016 (A68)"]
[Site "Berlin-Weißensee"]
[Date "2016.05.05"]
[Round "2.1"]
[White "Witte, Ronald"]
[Black "Sappok, Marius"]
[Result "1-0"]
[WhiteElo "1956"]
[BlackElo "1981"]
[PlyCount "99"]
[EventDate "2016.05.04"]
[SourceDate "2016.05.04"]
[WhiteTeam "BSV 63 Chemie Weißensee"]
[BlackTeam "SC Zugzwang 95"]

1. d4 Nf6 2. c4 e6 3. Nc3 d5 4. cxd5 exd5 5. Bg5 c6 6. e3 Be7 7. Bd3 Nbd7 8.
Qc2 h6 9. Bh4 Nh5 10. Bxe7 Qxe7 11. Nge2 Nb6 12. h3 Be6 13. g4 Nf6 14. O-O-O
O-O-O 15. Kb1 Kb8 16. Nf4 g5 17. Nxe6 fxe6 18. f4 Rc8 19. Na4 Nxa4 20. Qxa4 Qc7
21. Rhf1 Rhf8 22. Rf2 gxf4 23. Rxf4 Ne4 24. Rxf8 Rxf8 25. Bxe4 dxe4 26. Qc2 Qg3
27. Qxe4 Rf3 28. Qxe6 Rxe3 29. Qxh6 Qf3 30. Qh8+ Kc7 31. Qh7+ Kb8 32. Qh8+ Kc7
33. Qh7+ Kb8 34. Rc1 Re2 35. Qg8+ Kc7 36. Qh7+ Kb8 37. Qg8+ Kc7 38. Qh7+ Kb8
39. Qf5 Qg2 40. Qf8+ Kc7 41. Qf7+ Kb8 42. Qf8+ Kc7 43. Qf7+ Kb8 44. Qb3 Qe4+
45. Ka1 Qxd4 46. Rd1 Qf6 47. a3 Rf2 48. Rd7 b5 49. Qg8+ Qf8 50. Rd8+ 1-0

[Event "A-Klasse 2016 (A68)"]
[Site "Berlin-Weißensee"]
[Date "2016.05.05"]
[Round "2.2"]
[White "Poseck, Steffen"]
[Black "Arndt, Uwe"]
[Result "1-0"]
[WhiteElo "1987"]
[BlackElo "1959"]
[PlyCount "127"]
[EventDate "2016.05.04"]
[SourceDate "2016.05.04"]
[WhiteTeam "BSV 63 Chemie Weißensee"]
[BlackTeam "BSV 63 Chemie Weißensee"]

1. e4 c6 2. Nc3 d5 3. Nf3 dxe4 4. Nxe4 Bf5 5. Ng3 Bg4 6. h3 Bxf3 7. Qxf3 Nf6 8.
Be2 e6 9. O-O {(=)} Nbd7 10. d4 Qc7 11. Bf4 Bd6 12. Bxd6 Qxd6 13. Rfd1 O-O 14.
Ne4 Nxe4 15. Qxe4 Nf6 16. Qe5 Rfd8 17. Qxd6 Rxd6 18. Bf3 Rad8 19. c3 a5 20. a4
g6 21. Re1 Nd7 22. Rab1 c5 23. dxc5 Nxc5 24. b4 axb4 25. cxb4 Nxa4 26. Bxb7 Rb6
27. Bf3 Rdb8 28. b5 Nc3 29. Rb3 Na4 30. Be2 Rc8 31. Ra1 Nc3 32. Bf1 Nd5 33.
Rba3 Kg7 34. Ra6 Rcb8 35. Rxb6 Rxb6 36. Bc4 Nc7 37. f4 Rb7 38. Rb1 Kf6 39. Kf2
Ke7 40. Ke3 Kd6 41. Kd4 f6 42. b6 e5+ (42... Na8 43. Re1 Rxb6 44. Rxe6+ Kd7)
43. fxe5+ fxe5+ 44. Ke4 Na8 45. Rd1+ Ke7 46. Bd5 Rb8 47. b7 (47. Bxa8 Rxa8 48.
Kxe5) 47... Nb6 48. Rb1 Nxd5 49. Kxd5 Kd7 50. Kxe5 Kc7 51. Kf6 g5 52. Kxg5 Rg8+
53. Kh6 Kb8 54. g4 Rd8 55. Kxh7 Rd3 56. h4 Rd4 57. g5 Rxh4+ 58. Kg7 Rg4 59. g6
Rg2 60. Rb5 Rg1 61. Kf6 Rf1+ 62. Rf5 Rg1 63. g7 Kxb7 64. Rg5 1-0

[Event "A-Klasse 2016 (A68)"]
[Site "Berlin-Weißensee"]
[Date "2016.05.05"]
[Round "2.3"]
[White "Hoppensack, Manfred"]
[Black "Kirchhof, Arno"]
[Result "1/2-1/2"]
[WhiteElo "1778"]
[BlackElo "1961"]
[PlyCount "46"]
[EventDate "2016.05.04"]
[SourceDate "2016.05.04"]
[WhiteTeam "SC Friesen Lichtenberg"]
[BlackTeam "SC Zugzwang 95"]

1. e4 e6 2. d4 d5 3. Nd2 c5 4. exd5 exd5 5. Bb5+ Nc6 6. Qe2+ Qe7 7. dxc5 Qxe2+
8. Nxe2 Bxc5 9. Nb3 Bb6 10. O-O Nge7 11. Bg5 f6 12. Bf4 a6 13. Bxc6+ Nxc6 14.
Bd6 Bg4 15. Rfe1 Kf7 16. h3 Bf5 17. c3 Rad8 18. Bc5 Bc7 19. Ned4 Nxd4 20. Re7+
Kg6 21. Nxd4 Bd7 22. Ne6 Bxe6 23. Rxc7 Rd7 1/2-1/2

[Event "A-Klasse 2016 (A68)"]
[Site "Berlin-Weißensee"]
[Date "2016.05.05"]
[Round "2.4"]
[White "Gebert Vangeel, Ralf"]
[Black "Jaeger, Andre"]
[Result "1-0"]
[WhiteElo "1935"]
[BlackElo "1869"]
[PlyCount "81"]
[EventDate "2016.05.04"]
[SourceDate "2016.05.04"]
[WhiteTeam "Mariendorfer SV 06"]
[BlackTeam "SC Rochade"]

1. e4 c5 2. Nf3 Nc6 3. Bb5 Nf6 4. e5 Nd5 5. c3 Nc7 6. Be2 d5 7. d4 cxd4 8. cxd4
Bg4 9. O-O e6 10. Be3 Be7 11. Nbd2 O-O 12. h3 Bf5 13. a3 Rc8 14. Qb3 b6 15.
Rac1 Qd7 16. Rc3 Na5 17. Qa2 b5 18. Bg5 Nc4 19. Bxe7 Qxe7 20. Nb3 b4 21. axb4
Qxb4 22. Nh4 Bg6 23. Nxg6 hxg6 24. Bxc4 dxc4 25. Nc5 Nb5 26. Rxc4 Qd2 27. Qa4
Qxb2 28. Rb4 Nc3 29. Rxb2 Nxa4 30. Nxa4 Rc4 31. Ra2 Rd8 32. Rd1 Rcxd4 33. Rxd4
Rxd4 34. Nc3 Rc4 35. Nb5 Re4 36. Rxa7 Rxe5 37. Nd6 Re1+ 38. Kh2 Re2 39. Ra8+
Kh7 40. Nxf7 g5 41. Kg3 1-0

[Event "A-Klasse 2016 (A68)"]
[Site "Berlin-Weißensee"]
[Date "2016.05.05"]
[Round "3.1"]
[White "Arndt, Uwe"]
[Black "Witte, Ronald"]
[Result "1-0"]
[WhiteElo "1959"]
[BlackElo "1956"]
[PlyCount "125"]
[EventDate "2016.05.04"]
[SourceDate "2016.05.04"]
[WhiteTeam "BSV 63 Chemie Weißensee"]
[BlackTeam "BSV 63 Chemie Weißensee"]

1. d4 d5 2. c4 e6 3. Nc3 Nf6 4. cxd5 exd5 5. Bg5 c6 6. e3 Nbd7 7. Bd3 Be7 8.
Nge2 h6 9. Bh4 Nb6 10. Qc2 Nh5 11. Bxe7 Qxe7 12. O-O O-O 13. Rab1 Be6 14. b4
Rac8 15. a4 Nd7 16. a5 f5 17. Rfe1 Qg5 18. Ng3 Nxg3 19. hxg3 Nf6 20. Na4 Ne4
21. Nc5 Qe7 22. Rec1 h5 23. Qe2 g6 24. Rb2 Kf7 25. Qf3 Rc7 26. Nxe4 dxe4 27.
Bxe4 Kg7 28. Bd3 Bd5 29. Qd1 a6 30. Rc5 Rd7 31. Be2 h4 32. gxh4 Qxh4 33. Bf3
Rh8 34. Kf1 (34. g3 Qh1+ 35. Bxh1 Rxh1#) 34... Qh1+ 35. Ke2 Bxf3+ 36. gxf3 Qh2
{(=)} 37. f4 Rh3 38. Qf1 Rg3 39. Rc1 Re7 40. Rb3 Rg2 41. Re1 Qh5+ $16 (41...
Qg3 $17 42. Rc1 g5) 42. Kd3 Qf3 43. Rb2 Re8 44. Qe2 Qe4+ 45. Kc3 Rh8 46. Qd3
Qf3 47. Qe2 Qe4 48. Rd2 Rhh2 49. Rf1 Qd5 50. Qc4 Qf3 $2 $18 (50... Qxc4+ 51.
Kxc4) 51. Qe6 (51. d5 Rxf2 52. Qd4+ Kh7 53. Qe5) 51... Rxf2 52. Qe7+ Kg8 53.
Rg1 $6 (53. Qe8+ Kh7 54. Qf7+ Kh8 55. Qf6+ Kh7 56. Rdxf2 Qxe3+ 57. Kc4) 53...
Rhg2 $4 (53... Rh6 $8) 54. Rxg2 (54. Rh1 $1 Rxd2 55. Qe8+ Kg7 56. Qh8+ Kf7 57.
Rh7+ Ke6 58. Qe5#) (54. Rxf2 Qxf2 55. Rxg2 Qxg2 56. Qxb7 Qg1) 54... Qxg2 55.
Rxf2 Qxf2 56. d5 Qe1+ (56... cxd5 57. Kd4 Qc2 58. Kxd5 Qc6+ 59. Kd4 b5 60. axb6
Qxb6+ 61. Qc5 Qf6+ 62. Kd5 Kh7 63. Qd6 Qf7+ 64. Kc6 Qc4+ 65. Kb6 Kh6 66. Qc5
Qd3) 57. Kd4 Qd2+ 58. Kc5 Qxd5+ 59. Kb6 Kh8 60. Qe5+ Qxe5 61. fxe5 Kg7 62. Kc7
g5 63. e6 1-0

[Event "A-Klasse 2016 (A68)"]
[Site "Berlin-Weißensee"]
[Date "2016.05.05"]
[Round "3.2"]
[White "Sappok, Marius"]
[Black "Hoppensack, Manfred"]
[Result "1/2-1/2"]
[WhiteElo "1981"]
[BlackElo "1778"]
[PlyCount "148"]
[EventDate "2016.05.04"]
[SourceDate "2016.05.04"]
[WhiteTeam "SC Zugzwang 95"]
[BlackTeam "SC Friesen Lichtenberg"]

1. d4 e6 2. c4 Nf6 3. Nc3 Bb4 4. Qc2 O-O 5. Nf3 c5 6. dxc5 Bxc5 7. g3 b6 8. Bg2
Bb7 9. O-O Nc6 10. Rd1 h6 11. a3 Rc8 12. b4 Be7 13. Bf4 Nh5 14. Be3 Nf6 15. Qb3
Ba8 16. h3 d6 17. Bf4 Nh5 18. Bxd6 Bxd6 19. Nb5 Qe7 20. Nxd6 Rcd8 21. Nb5 a6
22. Nbd4 Nxd4 23. Rxd4 Rxd4 24. Nxd4 Bxg2 25. Kxg2 Nf6 26. Qf3 e5 27. Nf5 Qe6
28. Ne3 Rd8 29. Ra2 a5 30. bxa5 bxa5 31. Qb7 Rc8 32. Qb5 Qc6+ 33. f3 e4 34.
Qxc6 Rxc6 35. Rb2 exf3+ 36. exf3 Nd7 37. Rb5 Rc5 38. Rxc5 Nxc5 39. Nd5 Kf8 40.
Kf2 Ke8 41. Ke3 Kd7 42. Nf4 Kd6 43. h4 g6 44. Nd3 Nb3 45. f4 f6 46. g4 Ke6 47.
h5 g5 48. fxg5 fxg5 49. Ke4 Nd2+ 50. Kd4 Nf3+ 51. Kc5 Nh2 52. Kb6 Nxg4 53. c5
Ne3 54. Kxa5 Nd5 55. Nf2 Nf6 56. Kb5 Nxh5 57. Ng4 Nf4 58. Nxh6 Kd5 59. Ng4 Ne6
60. Nf6+ Ke5 61. Nd7+ Kd5 62. Kb6 Nd4 $2 (62... Nxc5 $8 63. Nxc5 g4 64. a4 g3
65. Nd3 Ke4 66. Ne1 Ke3 67. a5 Kf2 68. a6 Kxe1 69. a7 g2 70. a8=Q g1=Q+) 63. a4
Ke6 64. c6 Nxc6 65. Kxc6 g4 66. Nc5+ Kf5 67. Nd3 g3 68. Ne1 Ke4 69. a5 Ke3 70.
Ng2+ Kf3 71. Nh4+ (71. a6 Kxg2 72. a7 Kf2 73. a8=Q g2 $18) 71... Kg4 72. Ng2
Kf3 73. Nh4+ Kg4 74. Ng2 Kf3 1/2-1/2

[Event "A-Klasse 2016 (A68)"]
[Site "Berlin-Weißensee"]
[Date "2016.05.05"]
[Round "3.3"]
[White "Jaeger, Andre"]
[Black "Poseck, Steffen"]
[Result "0-1"]
[WhiteElo "1869"]
[BlackElo "1987"]
[PlyCount "94"]
[EventDate "2016.05.04"]
[SourceDate "2016.05.04"]
[WhiteTeam "SC Rochade"]
[BlackTeam "BSV 63 Chemie Weißensee"]

1. d4 Nf6 2. c4 g6 3. g3 Bg7 4. Bg2 d5 5. cxd5 Nxd5 6. e4 Nb6 7. Ne2 O-O 8.
Nbc3 Nc6 9. d5 Na5 10. b3 c6 11. Be3 cxd5 12. exd5 Bg4 13. Rc1 Rc8 14. Qd2 Bxe2
15. Nxe2 Rxc1+ 16. Nxc1 Nc8 17. O-O b6 18. Ne2 Qd7 19. Bh6 Nd6 20. Bxg7 Kxg7
21. Nf4 Kg8 22. Bh3 Nf5 23. Qd3 Rd8 24. Rd1 Nb7 25. b4 Nbd6 26. Ne2 Qa4 27. a3
Rc8 28. g4 Nh4 29. Nd4 Rc3 30. Qxc3 Qxd1+ 31. Bf1 Qxg4+ 32. Kh1 Qe4+ 33. f3
Qxd5 34. Nc6 Qxf3+ 35. Qxf3 Nxf3 36. Nxe7+ Kf8 37. Nc6 Nd2 38. Bd3 N2c4 39.
Nxa7 Nxa3 40. Kg2 Ke8 41. Nc6 Kd7 42. Nd4 Nac4 43. Kf2 Ne5 44. Be2 Nc6 45. Nxc6
Kxc6 46. Ke3 Kd5 47. Bd3 f5 0-1

[Event "A-Klasse 2016 (A68)"]
[Site "Berlin-Weißensee"]
[Date "2016.05.05"]
[Round "3.4"]
[White "Kirchhof, Arno"]
[Black "Gebert Vangeel, Ralf"]
[Result "1-0"]
[WhiteElo "1961"]
[BlackElo "1935"]
[PlyCount "73"]
[EventDate "2016.05.04"]
[SourceDate "2016.05.04"]
[WhiteTeam "SC Zugzwang 95"]
[BlackTeam "Mariendorfer SV 06"]

1. d4 d6 2. Nf3 g6 3. g3 Bg7 4. Bg2 Nf6 5. O-O O-O 6. c4 c6 7. Nc3 Qc7 8. e4 e5
9. h3 Nbd7 10. Be3 Re8 11. Qc2 Nf8 12. Rad1 Be6 13. d5 cxd5 14. cxd5 Bd7 15.
Nd2 Nh5 16. Qb3 f5 17. exf5 gxf5 18. Nb5 Bxb5 19. Qxb5 Qe7 20. Bf3 Nf6 21. Rfe1
a6 22. Qb3 b5 23. Bg2 N8d7 24. Nf3 Nf8 25. Nh4 Qd7 26. Qc2 f4 27. gxf4 Rac8 28.
Qf5 Qd8 29. Rc1 Rxc1 30. Rxc1 Kh8 31. fxe5 Rxe5 32. Qc8 Qa5 33. Nf5 Ne8 34.
Nxg7 Kxg7 35. Bd4 Nf6 36. Bxe5 dxe5 37. Qc7+ 1-0

[Event "A-Klasse 2016 (A68)"]
[Site "Berlin-Weißensee"]
[Date "2016.05.06"]
[Round "4.1"]
[White "Witte, Ronald"]
[Black "Hoppensack, Manfred"]
[Result "1-0"]
[WhiteElo "1956"]
[BlackElo "1778"]
[PlyCount "65"]
[EventDate "2016.05.04"]
[SourceDate "2016.05.04"]
[WhiteTeam "BSV 63 Chemie Weißensee"]
[BlackTeam "SC Friesen Lichtenberg"]

1. d4 e6 2. c4 Nf6 3. Nc3 Bb4 4. e3 O-O 5. Bd3 d5 6. Nge2 c5 7. a3 Bxc3+ 8.
bxc3 b6 9. cxd5 exd5 10. O-O Ba6 11. dxc5 bxc5 12. Bxa6 Nxa6 13. Qa4 Qb6 14. c4
d4 15. Rd1 Ne4 16. f3 Nc3 17. Nxc3 dxc3 18. Qc2 Qa5 19. Rd3 Rfd8 20. Qxc3 Qxc3
21. Rxc3 Rd1+ 22. Kf2 Rad8 23. Rb1 Rh1 24. Rb7 h6 25. Rxa7 Rd6 26. e4 g5 27. h3
Kg7 28. Be3 Kg6 29. Rb3 Ra1 30. f4 gxf4 31. Bxf4 Re6 32. Rg3+ Kh5 33. Rxf7 1-0

[Event "A-Klasse 2016 (A68)"]
[Site "Berlin-Weißensee"]
[Date "2016.05.06"]
[Round "4.2"]
[White "Arndt, Uwe"]
[Black "Jaeger, Andre"]
[Result "1/2-1/2"]
[WhiteElo "1959"]
[BlackElo "1869"]
[PlyCount "150"]
[EventDate "2016.05.04"]
[SourceDate "2016.05.04"]
[WhiteTeam "BSV 63 Chemie Weißensee"]
[BlackTeam "SC Rochade"]

1. d4 Nf6 2. c4 d6 3. Nc3 Bf5 4. Nf3 g6 5. g3 Bg7 6. Bg2 c6 7. O-O Ne4 8. Nxe4
Bxe4 9. Qb3 Qc7 10. Rd1 Nd7 11. Qe3 Nf6 12. Bh3 h5 13. Ng5 Bc2 14. Re1 Bf5 15.
Bxf5 gxf5 16. h4 Bh6 17. Qf3 e6 18. Nh3 Bxc1 19. Raxc1 Ne4 20. Nf4 O-O-O 21. d5
Qd7 22. dxc6 bxc6 23. Red1 Rdg8 24. Qa3 e5 25. Nd3 f6 26. Qa6+ Qb7 27. Qxb7+
Kxb7 28. e3 Rg4 29. Kh2 Rhg8 30. Rg1 Nd2 31. Rgd1 Nf3+ 32. Kh3 Kc7 33. b3 Re4
34. Ne1 Nxe1 35. Rxe1 Reg4 36. Rc3 R4g7 37. Kg2 Rg4 38. Kf1 R8g7 {(=)} 39. Rd1
Rd7 40. Ke2 Rg8 41. b4 Rb8 42. Rb3 a6 43. Rdb1 Kd8 44. b5 axb5 45. cxb5 Rxb5
46. Rxb5 cxb5 47. Rxb5 Ra7 48. Rb8+ Ke7 49. Rh8 Rxa2+ 50. Kf1 f4 51. exf4 exf4
52. gxf4 Ra4 53. Rxh5 Rxf4 54. Ke2 Ke6 55. Ke3 Ra4 {(=)} 56. Rh8 Kf5 57. Kf3
Ra3+ 58. Kg2 Kg6 59. f3 Ra7 60. Rd8 Ra2+ 61. Kg3 Rd2 62. Kf4 Rd4+ 63. Kg3 Rd3
64. Rg8+ Kh7 65. Rg4 Kh6 66. Kf4 Rd5 67. Rg8 Kh7 68. Rg1 Kh6 69. Ke4 Re5+ 70.
Kf4 Rd5 71. Rg4 Re5 72. Rg2 Rd5 73. Rg1 Kh5 74. Rg2 Kh6 75. Rg1 Kh5 1/2-1/2

[Event "A-Klasse 2016 (A68)"]
[Site "Berlin-Weißensee"]
[Date "2016.05.06"]
[Round "4.3"]
[White "Gebert Vangeel, Ralf"]
[Black "Sappok, Marius"]
[Result "0-1"]
[WhiteElo "1935"]
[BlackElo "1981"]
[PlyCount "68"]
[EventDate "2016.05.04"]
[SourceDate "2016.05.04"]
[WhiteTeam "Mariendorfer SV 06"]
[BlackTeam "SC Zugzwang 95"]

1. e4 c5 2. Nf3 e6 3. Nc3 Nc6 4. Bb5 Nge7 5. O-O a6 6. Bd3 d5 7. Re1 d4 8. Nb1
e5 9. Bc4 b5 10. Bf1 Ng6 11. a4 Rb8 12. axb5 axb5 13. Na3 c4 14. b3 Bxa3 15.
Rxa3 b4 16. Ra4 cxb3 17. Bc4 bxc2 18. Qxc2 Bd7 19. Qa2 O-O 20. d3 h6 21. Bd2
Qe7 22. Rb1 Rb6 23. Qb2 Rfb8 24. Bd5 b3 25. Rc1 Nb4 26. Bxb4 Rxb4 27. Ra7 Ra4
28. Rxa4 Bxa4 29. Nd2 Nf4 30. Ra1 Qb4 31. Bc4 Qc3 32. Qb1 Qxd2 33. Rxa4 Ne2+
34. Kf1 Nc3 0-1

[Event "A-Klasse 2016 (A68)"]
[Site "Berlin-Weißensee"]
[Date "2016.05.06"]
[Round "4.4"]
[White "Poseck, Steffen"]
[Black "Kirchhof, Arno"]
[Result "1/2-1/2"]
[WhiteElo "1987"]
[BlackElo "1961"]
[PlyCount "109"]
[EventDate "2016.05.04"]
[SourceDate "2016.05.04"]
[WhiteTeam "BSV 63 Chemie Weißensee"]
[BlackTeam "SC Zugzwang 95"]

1. Nf3 d5 2. g3 Nf6 3. Bg2 Bg4 4. c4 c6 5. Ne5 Be6 6. Qb3 Qb6 7. Qxb6 axb6 8.
cxd5 Nxd5 9. Nd3 g6 10. e4 Nc7 11. Nc3 Bg7 12. a4 Bc4 13. Nb4 Nba6 14. Nxa6
Nxa6 15. Bf1 Bb3 16. Bxa6 Rxa6 17. Ra3 Bc4 18. Nd1 O-O 19. d3 Be6 20. O-O Rfa8
21. Be3 Rxa4 22. Rxa4 Rxa4 23. Bxb6 Bh3 24. Re1 Ra1 25. f3 Bxb2 26. Kf2 Bf6 27.
d4 Be6 28. Bc5 Kf8 29. Ne3 Rxe1 30. Kxe1 Ke8 31. Kd2 Kd7 32. Kc3 Bg7 33. Kb4 f5
34. Ka5 fxe4 35. fxe4 Bh6 36. d5 Bh3 37. Kb6 cxd5 38. Nxd5 Bg2 39. Bxe7 Ke6 40.
Bf8 Bxf8 41. Nf4+ Ke5 42. Nxg2 Kxe4 43. Nf4 g5 44. Nh5 $2 $19 (44. Ne6 $17)
44... g4 45. Nf6+ Kf3 $2 $11 (45... Kf5 $19) 46. Kxb7 $2 $19 (46. Nxh7 $8 Be7
47. Kxb7 Kg2 48. Kc8) 46... Be7 $2 $11 (46... h6 $19) 47. Nd5 $2 $19 (47. Nxh7
$11) 47... Bg5 48. Kc6 Kg2 49. Nc3 Kxh2 50. Ne4 Bd2 51. Kd5 Be1 $2 $11 (51...
Bc1 $19) 52. Nf6 $2 $19 (52. Ke6 $11) 52... Kxg3 53. Nxh7 Kh2 $4 $11 (53... Kh4
$19 54. Nf6 (54. Ke4 Bd2 55. Nf6 g3 56. Kf3 Kh3 57. Ne4 g2 58. Kf2 Be1+) 54...
g3) 54. Ng5 Kg2 55. Ke5 1/2-1/2

[Event "A-Klasse 2016 (A68)"]
[Site "Berlin-Weißensee"]
[Date "2016.05.07"]
[Round "5.1"]
[White "Jaeger, Andre"]
[Black "Witte, Ronald"]
[Result "1-0"]
[WhiteElo "1869"]
[BlackElo "1956"]
[PlyCount "61"]
[EventDate "2016.05.04"]
[SourceDate "2016.05.04"]
[WhiteTeam "SC Rochade"]
[BlackTeam "BSV 63 Chemie Weißensee"]

1. d4 d5 2. c4 e6 3. Nc3 c6 4. cxd5 exd5 5. Qc2 Nf6 6. Bg5 Be7 7. e3 Nbd7 8.
Bd3 O-O 9. Nge2 Re8 10. f3 Nf8 11. O-O Ng6 12. e4 Be6 13. e5 Nd7 14. Bxe7 Qxe7
15. f4 Bg4 16. f5 Bxe2 17. Nxe2 Ngf8 18. Nf4 Qb4 19. Qf2 Nb6 20. b3 Rac8 21.
Rac1 Nfd7 22. e6 Nf6 23. exf7+ Kxf7 24. Ne6 Nbd7 25. Qg3 Rg8 26. Rce1 Rce8 27.
Re2 Ne4 28. Bxe4 dxe4 29. Ng5+ Ke7 30. Rxe4+ Kd8 31. Ne6+ 1-0

[Event "A-Klasse 2016 (A68)"]
[Site "Berlin-Weißensee"]
[Date "2016.05.07"]
[Round "5.2"]
[White "Hoppensack, Manfred"]
[Black "Gebert Vangeel, Ralf"]
[Result "1/2-1/2"]
[WhiteElo "1778"]
[BlackElo "1935"]
[PlyCount "80"]
[EventDate "2016.05.04"]
[SourceDate "2016.05.04"]
[WhiteTeam "SC Friesen Lichtenberg"]
[BlackTeam "Mariendorfer SV 06"]

1. e4 e5 2. Nc3 Nf6 3. f4 d5 4. fxe5 Nxe4 5. Nf3 Bc5 6. d4 Bb4 7. Bd2 Bg4 8.
Nxe4 dxe4 9. Bxb4 exf3 10. Qd3 Nc6 11. Bc3 Qd5 12. gxf3 Bxf3 13. Rg1 O-O-O 14.
Rxg7 Nxd4 15. Bxd4 Qxd4 16. Qxd4 Rxd4 17. Bh3+ Kb8 18. Bf5 Bh5 19. Rxh7 Rxh7
20. Bxh7 Rh4 21. Kd2 {(=)} Rxh2+ 22. Kc3 c5 23. Rf1 Re2 24. Rf5 Bg4 25. Rxf7
Rxe5 26. Rg7 Bf3 27. Bd3 a6 28. a4 Ka7 29. b3 Kb6 30. Rf7 Bd5 31. Rf5 Rxf5 32.
Bxf5 Kc6 33. Bg6 Kb6 34. Bd3 Ka5 35. Be2 b5 36. axb5 axb5 37. Bd3 Kb6 38. b4
Kc6 39. bxc5 Kxc5 40. Bxb5 Kxb5 1/2-1/2

[Event "A-Klasse 2016 (A68)"]
[Site "Berlin-Weißensee"]
[Date "2016.05.07"]
[Round "5.3"]
[White "Kirchhof, Arno"]
[Black "Arndt, Uwe"]
[Result "1-0"]
[WhiteElo "1961"]
[BlackElo "1959"]
[PlyCount "69"]
[EventDate "2016.05.04"]
[SourceDate "2016.05.04"]
[WhiteTeam "SC Zugzwang 95"]
[BlackTeam "BSV 63 Chemie Weißensee"]

1. d4 d5 2. c4 e6 3. Nf3 c6 4. e3 Nf6 5. b3 Nbd7 6. Bd3 b6 7. O-O Bb7 8. Bb2 c5
9. Qe2 Bd6 10. Nbd2 O-O 11. Ne5 Bxe5 12. dxe5 Ne4 13. Rad1 Nxd2 14. Rxd2 f5 15.
f4 Qe7 16. Rfd1 Rad8 17. Bb1 Nb8 18. Qd3 g6 19. Qc3 Qg7 20. cxd5 exd5 21. b4
Na6 22. a3 Rc8 23. Qb3 Qf7 24. Ba2 c4 25. Qc3 Qe6 $2 $18 (25... Qg7 $8 26. a4 (
26. Rxd5 Bxd5 27. Rxd5 Nc7 28. Bxc4 Nxd5 29. Bxd5+ Kh8 30. Qd2 Qe7 31. e6+ Rf6
$16) 26... b5 (26... Nc7 27. Bxc4 Ne6 28. Rxd5 Bxd5 29. Rxd5 $16) (26... Rc7
27. Rxd5 Bxd5 28. Rxd5 Rfc8 29. Rd4 $16) 27. axb5 Nc7 28. Bxc4 (28. Qc2 Rfe8
$16 (28... Ne6 $2 $18 29. Rxd5 Bxd5 30. Rxd5 Qe7 31. Rd6 Rfd8 32. Qc3 Rxd6 33.
exd6 Qxd6 34. Qh8+ Kf7 35. Qxh7+ Ke8 36. Qxg6+ $18)) 28... Nxb5 (28... dxc4 $2
29. Rd7 $18) 29. Bxb5 Rxc3 30. Bxc3 $16) 26. Rxd5 $1 Bxd5 27. Rxd5 $1 Qxd5 (
27... Nc7 28. Rd6 Nb5 29. Rxe6 Nxc3 30. Bxc3 b5) 28. e6 $1 Rf6 29. Qxf6 Qd1+
30. Kf2 Qd2+ 31. Kf3 Qd1+ 32. Kg3 Qe1+ 33. Kh3 Qxe3+ 34. g3 c3 35. e7+ 1-0

[Event "A-Klasse 2016 (A68)"]
[Site "Berlin-Weißensee"]
[Date "2016.05.07"]
[Round "5.4"]
[White "Sappok, Marius"]
[Black "Poseck, Steffen"]
[Result "1/2-1/2"]
[WhiteElo "1981"]
[BlackElo "1987"]
[PlyCount "93"]
[EventDate "2016.05.04"]
[SourceDate "2016.05.04"]
[WhiteTeam "SC Zugzwang 95"]
[BlackTeam "BSV 63 Chemie Weißensee"]

1. c4 Nf6 2. Nc3 d5 3. cxd5 Nxd5 4. e4 Nb6 5. d4 g6 6. Be3 Bg7 7. h3 Nc6 8. Nf3
Na5 9. Rc1 O-O 10. Be2 Nac4 11. Bf4 c6 12. O-O h6 13. b3 Nd6 14. Qd2 g5 15. Be5
f6 {(=)} 16. Bh2 f5 17. exf5 Bxf5 18. Qe3 Nd5 19. Nxd5 cxd5 20. h4 gxh4 21.
Nxh4 Be4 22. Bg4 Qb6 23. Rfd1 Nb5 24. Rc5 Nxd4 25. Rxd4 Qxc5 26. Rxe4 Qxe3 27.
Rxe3 d4 28. Be6+ Kh7 29. Rd3 Rf6 30. Bd5 Rc8 31. Be5 Rc1+ 32. Kh2 Rxf2 33. Be4+
Kh8 34. Ng6+ Kg8 35. Nxe7+ Kf7 36. Bxg7 Kxg7 37. Nf5+ Kf6 38. Nxd4 Rxa2 39.
Bxb7 a5 40. Bf3 a4 41. bxa4 Rxa4 42. Ne2 Rca1 43. Rd6+ Kg7 44. Nc3 Ra7 {(=)}
45. Rd4 R1a5 46. Ne4 Ra4 47. Rd5 1/2-1/2